000 00871nas a2200277 4500
001 BR2012006957
003 BR-BrBNA
005 20231205121152.0
007 ta
008 230509b bl.|||p| |||| 00| 00por d
040 _aBR-BrBNA
_bpor
_cBiblioteca Nacional de Agricultura
041 _a(Pt)
072 _aF01; F04
100 1 _aSantos, J.F. dos
100 1 _aBrito, C.H. de
100 1 _aSantos, M. do C.C.A. dos
245 1 _aAvaliação da produção de batata-doce em função de níveis de adubação orgânica
650 _aBATATA DOCE
650 _aIPOMOEA BATATAS
650 _aPRODUÇÃO VEGETAL
650 _aADUBAÇÃO
650 _aCAMA DE GALINHEIRO
773 0 _tActa Scientiarum. Agronomy (Brazil)
_xISSN 1679-9275
_g(Oct- Dec 2010), v. 32(4) p. 663-666
_wBR2012006957
909 _a202311
_bLúcia
_c55
_dLúcia Elande
942 _2AGRIS
_n0
_cANA
999 _c222147
_d222147